[Event "Gold Coast op"]
[Site "Gold Coast"]
[Date "2022.06.26"]
[Round "6"]
[White "Badrinarayan, Sankeertan"]
[Black "Nakauchi, Gene"]
[Result "0-1"]
[WhiteElo "1901"]
[BlackElo "2124"]
[PlyCount "62"]
[EventDate "2022.06.23"]
[EventType "swiss"]
[EventRounds "9"]
[EventCountry "AUS"]
[SourceTitle "CBM 209 Extra"]
[Source "ChessBase"]
[SourceDate "2022.09.30"]
[SourceVersion "1"]
[SourceVersionDate "2022.09.30"]
[SourceQuality "1"]

1. d4 Nf6 2. c4 c5 3. d5 e6 4. Nc3 exd5 5. cxd5 d6 6. Nf3 g6 7. Nd2 Bg7 8. e4 0-0 9. Be2 Re8 10. 0-0 Na6 11. Qc2 Rb8 12. a3 Nc7 13. a4 a6 14. a5 b5 15. axb6 Rxb6 16. Nc4 Rb4 17. Bg5 Nb5 18. Nxb5 axb5 19. Na5 Qb6 20. f3 Nxd5 21. Rfb1 c4+ 22. Kh1 c3 23. exd5 Rxb2 24. Bd3 Rxc2 25. Bxc2 Bf5 26. Nc4 Qf2 27. Bxf5 gxf5 28. Nxd6 Re2 29. Rg1 h6 30. Bf4 c2 31. Raf1 Qd4 0-1

[Event "AUS-ch"]
[Site "Sydney"]
[Date "2020.01.05"]
[Round "4"]
[White "Nakauchi, Gene"]
[Black "Bjelobrk, Igor"]
[Result "1/2-1/2"]
[WhiteElo "2150"]
[BlackElo "2403"]
[PlyCount "105"]
[EventDate "2020.01.02"]
[EventType "swiss"]
[EventRounds "11"]
[EventCountry "AUS"]
[SourceTitle "CBM 194 Extra"]
[Source "ChessBase"]
[SourceDate "2020.03.31"]
[SourceVersion "1"]
[SourceVersionDate "2020.03.31"]
[SourceQuality "1"]

1. e4 e5 2. Nf3 Nc6 3. Bb5 a6 4. Bxc6 dxc6 5. 0-0 Bd6 6. d3 Ne7 7. Be3 c5 8. Nbd2 Nc6 9. c3 0-0 10. Re1 Kh8 11. Nf1 f5 12. Bg5 Qe8 13. exf5 Bxf5 14. Nh4 Be6 15. Qd2 Bg8 16. Ng3 h6 17. Bxh6 gxh6 18. Qxh6+ Bh7 19. f4 Rxf4 20. Nh5 Bf8 21. Qg5 Rf7 22. Nf6 Rxf6 23. Qxf6+ Bg7 24. Qg5 Rd8 25. Rad1 Rxd3 26. Rxd3 Bxd3 27. Nf5 Bxf5 28. Qxf5 Ne7 29. Qe6 Qd8 30. Rf1 Ng8 31. Qh3+ Nh6 32. Qf3 c6 33. Rd1 Qh4 34. Qd3 Ng4 35. Qd8+ Qxd8 36. Rxd8+ Kh7 37. Rd7 b5 38. Rc7 e4 39. Rxc6 Ne5 40. Rxc5 Nd3 41. Rc6 Nxb2 42. h4 Nd1 43. Rxa6 Nxc3 44. a3 e3 45. Kf1 e2+ 46. Ke1 Be5 47. Re6 Bf4 48. h5 Bc1 49. Rc6 Bxa3 50. Rxc3 Bb4 51. Kxe2 Bxc3 52. Kd3 Bg7 53. Kc2 1/2-1/2

[Event "Queensland-ch"]
[Site "Brisbane"]
[Date "2019.10.07"]
[Round "9"]
[White "McClymont, Brodie"]
[Black "Nakauchi, Gene"]
[Result "1-0"]
[WhiteElo "2332"]
[BlackElo "2175"]
[PlyCount "85"]
[EventDate "2019.10.03"]
[EventType "swiss"]
[EventRounds "9"]
[EventCountry "AUS"]
[SourceTitle "EXT 2021"]
[Source "ChessBase"]
[SourceDate "2020.10.23"]
[SourceVersion "1"]
[SourceVersionDate "2020.10.23"]
[SourceQuality "1"]

1. e4 c5 2. Nf3 e6 3. d4 cxd4 4. Nxd4 a6 5. c4 Nf6 6. Nc3 Qc7 7. a3 b6 8. Be3 Bb7 9. f3 d6 10. Rc1 Nbd7 11. Be2 Be7 12. b4 Rc8 13. Qd2 Qb8 14. 0-0 Rg8 15. Rfe1 g5 16. Bxg5 Ne5 17. Be3 Nxc4 18. Bxc4 Rxc4 19. Na4 d5 20. Rxc4 dxc4 21. Nxb6 Bd6 22. Nxc4 Bxh2+ 23. Kf1 Nh5 24. Nf5 exf5 25. exf5 Ng3+ 26. Kf2 Ne4+ 27. fxe4 Bg3+ 28. Kf1 Bxe1 29. Kxe1 Bc6 30. Nd6+ Ke7 31. Bc5 Rg4 32. f6+ Ke6 33. Qa2+ Ke5 34. Qb2+ Ke6 35. Qb3+ Ke5 36. Qf3 Rf4 37. Qh5+ Kxf6 38. Qxf7+ Kg5 39. Qg7+ Kh5 40. Qxh7+ Kg5 41. Be3 Qxd6 42. Qf5+ Kh4 43. Bxf4 1-0

[Event "Queensland-ch"]
[Site "Brisbane"]
[Date "2019.10.05"]
[Round "4"]
[White "Wang, Jason2222"]
[Black "Nakauchi, Gene"]
[Result "0-1"]
[WhiteElo "1860"]
[BlackElo "2175"]
[PlyCount "106"]
[EventDate "2019.10.03"]
[EventType "swiss"]
[EventRounds "9"]
[EventCountry "AUS"]
[SourceTitle "EXT 2021"]
[Source "ChessBase"]
[SourceDate "2020.10.23"]
[SourceVersion "1"]
[SourceVersionDate "2020.10.23"]
[SourceQuality "1"]

1. e4 c5 2. Nf3 e6 3. c4 Nc6 4. Nc3 Nf6 5. d3 Be7 6. g3 d5 7. cxd5 exd5 8. Bg2 dxe4 9. Nxe4 Nxe4 10. dxe4 Qxd1+ 11. Kxd1 Bg4 12. Be3 f5 13. h3 0-0-0+ 14. Ke2 fxe4 15. hxg4 exf3+ 16. Bxf3 Nd4+ 17. Bxd4 Rxd4 18. Rad1 Bf6 19. Rxd4 Bxd4 20. Be4 Re8 21. Kd3 Bxf2 22. Rxh7 c4+ 23. Ke2 Bd4 24. Kf3 Bxb2 25. Rh5 Be5 26. a4 Kc7 27. Bd5 c3 28. Bb3 Kd6 29. Bc2 Kd5 30. g5 Rf8+ 31. Ke2 Bxg3 32. g6+ Kd4 33. Rg5 Rf2+ 34. Kd1 Rf1+ 35. Ke2 Re1+ 36. Kf3 Re3+ 37. Kg4 Be5 38. Kf5 Bf6 39. Rg4+ Kc5 40. Rg2 Re5+ 41. Kf4 Rd5 42. Ke4 a6 43. Bb3 Rd4+ 44. Ke3 Kb4 45. Bc2 Ka3 46. Rf2 Rd6 47. Rg2 b5 48. axb5 axb5 49. Bd3 b4 50. Bc4 b3 51. Bd3 Rxd3+ 52. Kxd3 c2 53. Rg1 Bb2 0-1

[Event "Sydney op"]
[Site "Sydney"]
[Date "2019.04.28"]
[Round "9"]
[White "Xie, George Wendi"]
[Black "Nakauchi, Gene"]
[Result "1-0"]
[WhiteElo "2359"]
[BlackElo "2221"]
[PlyCount "113"]
[EventDate "2019.04.24"]
[EventType "swiss"]
[EventRounds "9"]
[EventCountry "AUS"]
[SourceTitle "CBM 190 Extra"]
[Source "ChessBase"]
[SourceDate "2019.07.15"]
[SourceVersion "1"]
[SourceVersionDate "2019.07.15"]
[SourceQuality "1"]

1. e4 c5 2. c3 d5 3. exd5 Qxd5 4. d4 Nf6 5. Nf3 e6 6. Be2 Be7 7. 0-0 Nc6 8. c4 Qf5 9. Nc3 cxd4 10. Nb5 0-0 11. Nfxd4 Nxd4 12. Nxd4 Qa5 13. Qc2 Bd7 14. a3 Qb6 15. Nf3 a5 16. Ne5 Rac8 17. Nxd7 Nxd7 18. Rb1 Ne5 19. Be3 Bc5 20. Bxc5 Qxc5 21. b4 axb4 22. axb4 Qc7 23. Rfc1 Rfd8 24. Qe4 Nc6 25. b5 Nd4 26. c5 Qf4 27. Qd3 e5 28. g3 e4 29. Qc4 Qd2 30. Bg4 e3 31. Kh1 Qxf2 32. Rf1 Qc2 33. Qxf7+ Kh8 34. Qf4 Ra8 35. Rbd1 Qxc5 36. Qxe3 Qxb5 37. Bh3 Qc5 38. Rf4 Ne6 39. Rxd8+ Rxd8 40. Qxe6 b5 41. Bf1 h6 42. Qb3 Qc6+ 43. Qf3 Qc5 44. Rf5 Qc7 45. Bxb5 Qc1+ 46. Bf1 Qc8 47. Kg1 Qb8 48. Rf7 Qd6 49. Qf2 Qb4 50. h3 Kg8 51. Rf4 Qd6 52. Kh2 Qd1 53. Bg2 Qd3 54. Qa2+ Kh8 55. Qf7 Qd6 56. Be4 Rc8 57. Qf5 1-0

[Event "New South Wales op"]
[Site "Sydney"]
[Date "2018.06.11"]
[Round "6"]
[White "Nakauchi, Gene"]
[Black "Lane, Gary William"]
[Result "0-1"]
[WhiteElo "2216"]
[BlackElo "2388"]
[PlyCount "98"]
[EventDate "2018.06.09"]
[EventType "swiss"]
[EventRounds "7"]
[EventCountry "AUS"]
[SourceTitle "EXT 2019"]
[Source "ChessBase"]
[SourceDate "2018.10.10"]
[SourceVersion "1"]
[SourceVersionDate "2018.10.10"]
[SourceQuality "1"]

1. d4 d5 2. c4 e6 3. Nc3 c5 4. cxd5 exd5 5. Nf3 Nc6 6. e3 Nf6 7. Be2 Be7 8. 0-0 0-0 9. Ne5 Qc7 10. f4 cxd4 11. exd4 Nxd4 12. Be3 Nxe2+ 13. Nxe2 Bc5 14. Nd4 Qb6 15. Kh1 Ne4 16. f5 Qf6 17. Nef3 Bxf5 18. Nxf5 Qxf5 19. Nh4 Qe5 20. Bxc5 Nxc5 21. Nf5 Rad8 22. Qg4 Kh8 23. Rae1 Ne4 24. Qh4 Rde8 25. Re3 Qf6 26. Qe1 g6 27. Nh6 Qg7 28. Rh3 Ng5 29. Re3 Rxe3 30. Qxe3 Qxh6 31. Qe5+ Kg8 32. Qxd5 Ne6 33. Qxb7 Qe3 34. h3 Qb6 35. Qe7 a5 36. b3 Qb5 37. Rf2 Qe5 38. Rf3 Qa1+ 39. Kh2 Qxa2 40. h4 Qe2 41. Qf6 Qd2 42. h5 Qg5 43. hxg6 Qxf6 44. Rxf6 hxg6 45. Rf1 Nd4 46. Ra1 Nxb3 47. Ra3 Rb8 48. Kg3 Rb5 49. Kf2 Nc5 0-1

[Event "New South Wales op"]
[Site "Sydney"]
[Date "2018.06.10"]
[Round "3"]
[White "Smirnov, Anton"]
[Black "Nakauchi, Gene"]
[Result "1-0"]
[WhiteElo "2529"]
[BlackElo "2216"]
[PlyCount "77"]
[EventDate "2018.06.09"]
[EventType "swiss"]
[EventRounds "7"]
[EventCountry "AUS"]
[SourceTitle "EXT 2019"]
[Source "ChessBase"]
[SourceDate "2018.10.10"]
[SourceVersion "1"]
[SourceVersionDate "2018.10.10"]
[SourceQuality "1"]

1. e4 c5 2. Nf3 e6 3. d4 cxd4 4. Nxd4 a6 5. c4 Nf6 6. Nc3 Qc7 7. Be2 b6 8. 0-0 Bb7 9. Qd3 d6 10. f4 Nbd7 11. b4 d5 12. exd5 Bxb4 13. dxe6 Nc5 14. exf7+ Kxf7 15. Qh3 Bxc3 16. Qxc3 Rhe8 17. Be3 Qe7 18. Nf5 Qe6 19. Bg4 Nce4 20. Qb2 Nd6 21. Nh6+ gxh6 22. Bxe6+ Rxe6 23. Qxb6 Bxg2 24. Kxg2 Rg8+ 25. Kh1 Nf5 26. Qa7+ Re7 27. Rab1 Rxa7 28. Bxa7 Nd6 29. c5 Nb5 30. a4 Nd4 31. Rb8 Rg4 32. Rb7+ Ke6 33. c6 Nxc6 34. Rb6 Kd7 35. Rd1+ Ke7 36. Rxc6 Rxf4 37. Rxa6 Ne4 38. Rb1 h5 39. Be3 1-0

[Event "Brisbane Gipslis Memorial"]
[Site "Brisbane"]
[Date "2018.05.07"]
[Round "6"]
[White "Nakauchi, Gene"]
[Black "Atalik, Suat"]
[Result "0-1"]
[WhiteElo "2203"]
[BlackElo "2507"]
[PlyCount "74"]
[EventDate "2018.05.04"]
[EventType "swiss"]
[EventRounds "7"]
[EventCountry "AUS"]
[SourceTitle "CBM 184"]
[Source "ChessBase"]
[SourceDate "2018.05.16"]
[SourceVersion "1"]
[SourceVersionDate "2018.05.16"]
[SourceQuality "1"]

1. d4 Nf6 2. c4 e6 3. Nc3 Bb4 4. e3 c5 5. Bd3 d5 6. Nf3 cxd4 7. exd4 0-0 8. 0-0 dxc4 9. Bxc4 b6 10. a3 Bxc3 11. bxc3 Qc7 12. Qe2 Bb7 13. Ne5 Nbd7 14. f4 Bd5 15. Bd3 Qxc3 16. Bb2 Qc8 17. f5 exf5 18. Bxf5 Qb7 19. Rf4 Rfe8 20. Qd3 Nf8 21. Raf1 Bxg2 22. Bh3 Bxf1 23. Qxf1 Qe7 24. d5 Ng6 25. Nxg6 hxg6 26. Bxf6 gxf6 27. Rxf6 Qc5+ 28. Kh1 Qxd5+ 29. Bg2 Qb3 30. Bxa8 Rxa8 31. Qg2 Rd8 32. Rxg6+ fxg6 33. Qxg6+ Kf8 34. Qf6+ Ke8 35. Qe5+ Kd7 36. h4 Qd1+ 37. Kh2 Qd6 0-1

[Event "AUS-ch"]
[Site "Cammeray"]
[Date "2018.01.08"]
[Round "7"]
[White "Xie, George Wendi"]
[Black "Nakauchi, Gene"]
[Result "1-0"]
[WhiteElo "2369"]
[BlackElo "2208"]
[PlyCount "117"]
[EventDate "2018.01.02"]
[EventType "swiss"]
[EventRounds "11"]
[EventCountry "AUS"]
[SourceTitle "CBM 182 Extra"]
[Source "ChessBase"]
[SourceDate "2018.02.23"]
[SourceVersion "1"]
[SourceVersionDate "2018.02.23"]
[SourceQuality "1"]

1. e4 c5 2. Nf3 e6 3. Nc3 a6 4. g3 b5 5. d4 cxd4 6. Nxd4 b4 7. Na4 Bb7 8. Bg2 Nf6 9. 0-0 Bxe4 10. Bxe4 Nxe4 11. Re1 Nc5 12. Qf3 Ra7 13. Be3 Rc7 14. Nb6 Be7 15. a3 bxa3 16. b4 Nb7 17. Bf4 d6 18. Rxe6 0-0 19. Nd5 fxe6 20. Nxe6 Qd7 21. Nxf8 Bxf8 22. Nxc7 Qxc7 23. Rxa3 Nd8 24. Qd5+ Qf7 25. c4 Ndc6 26. Qxf7+ Kxf7 27. b5 axb5 28. cxb5 Nd4 29. Be3 Nc2 30. Ra8 Nxe3 31. Rxb8 Nc4 32. b6 Nxb6 33. Rxb6 Ke6 34. Kg2 Be7 35. Kf3 Kd5 36. Rb5+ Kd4 37. h4 d5 38. h5 h6 39. Ke2 Bf6 40. Rb7 Ke4 41. Rb4+ Kf5 42. Rb5 Ke4 43. Ra5 Kd4 44. Ra4+ Kc3 45. Ke3 Be7 46. f4 d4+ 47. Ke2 Bc5 48. Kd1 Kd3 49. Ra5 Be7 50. Re5 Bf6 51. g4 Kc4 52. Rf5 Bh4 53. Rf7 Bg3 54. g5 hxg5 55. fxg5 Be5 56. h6 g6 57. Rg7 d3 58. Rxg6 Kd5 59. h7 1-0

[Event "Oceania zt 3.6"]
[Site "Auckland"]
[Date "2017.01.17"]
[Round "5"]
[White "Nakauchi, Gene"]
[Black "Willathgamuwa, Kevin"]
[Result "1/2-1/2"]
[WhiteElo "2238"]
[BlackElo "1966"]
[PlyCount "92"]
[EventDate "2017.01.14"]
[EventType "swiss"]
[EventRounds "9"]
[EventCountry "NZL"]
[SourceTitle "CBM 176 Extra"]
[Source "ChessBase"]
[SourceDate "2017.03.02"]
[SourceVersion "1"]
[SourceVersionDate "2017.03.02"]
[SourceQuality "1"]

1. d4 Nf6 2. c4 e5 3. dxe5 Ng4 4. Bf4 Nc6 5. Nf3 Bb4+ 6. Nbd2 Qe7 7. a3 Ngxe5 8. Nxe5 Nxe5 9. e3 Bc5 10. Nb3 Bd6 11. c5 Nd3+ 12. Bxd3 Bxf4 13. 0-0 Bh6 14. Nd4 0-0 15. Nf5 Qf6 16. Qc2 Rd8 17. Rfd1 Kh8 18. Rac1 d5 19. cxd6 cxd6 20. Be4 Bxf5 21. Bxf5 d5 22. Rd4 g6 23. Bg4 Bg7 24. Bf3 Qe6 25. Rd2 d4 26. Bxb7 dxe3 27. Rxd8+ Rxd8 28. fxe3 Qxe3+ 29. Kh1 Qb6 30. Rd1 Rxd1+ 31. Qxd1 Bxb2 32. Bd5 Kg7 33. a4 Be5 34. Qf1 Bf6 35. g3 Qc7 36. Qc4 Qe7 37. Kg2 h5 38. h4 Be5 39. Qb3 Qd7 40. Qc4 Qf5 41. Qe4 Qf6 42. Qf3 Qe7 43. Bb3 Qc7 44. Kh3 Qd7+ 45. Kg2 Bf6 46. Qd5 Qxd5+ 1/2-1/2

[Event "Australian op"]
[Site "Brisbane"]
[Date "2017.01.04"]
[Round "4"]
[White "Nakauchi, Gene"]
[Black "Clarke, Matthew"]
[Result "1-0"]
[WhiteElo "2238"]
[BlackElo "2040"]
[PlyCount "79"]
[EventDate "2017.01.02"]
[EventType "swiss"]
[EventRounds "11"]
[EventCountry "AUS"]
[SourceTitle "CBM 176 Extra"]
[Source "ChessBase"]
[SourceDate "2017.03.02"]
[SourceVersion "1"]
[SourceVersionDate "2017.03.02"]
[SourceQuality "1"]

1. d4 Nf6 2. c4 g6 3. g3 Bg7 4. Bg2 0-0 5. Nf3 c6 6. Nc3 d5 7. cxd5 cxd5 8. 0-0 Nc6 9. Ne5 e6 10. Bf4 Nxe5 11. Bxe5 Bd7 12. Qb3 Bc6 13. Rfd1 Qe7 14. Re1 Rfd8 15. Rad1 b6 16. Bxf6 Bxf6 17. e4 dxe4 18. Bxe4 Bxe4 19. Rxe4 Qb7 20. Rf4 Bg7 21. d5 Bxc3 22. dxe6 Rxd1+ 23. Qxd1 Be5 24. Rxf7 Qc6 25. Qb3 b5 26. e7 Qc1+ 27. Kg2 Qc6+ 28. Kh3 Qc4 29. Qf3 Qe6+ 30. Kg2 Rc8 31. Rf8+ Kg7 32. Rd8 Qxe7 33. Rxc8 Bxb2 34. Rb8 Qf6 35. Rb7+ Kh6 36. Qxf6 Bxf6 37. Rxa7 b4 38. Rb7 Bc3 39. f4 Be1 40. Kf3 1-0

[Event "Australian op"]
[Site "Brisbane"]
[Date "2017.01.02"]
[Round "1"]
[White "Lilly, Richard"]
[Black "Nakauchi, Gene"]
[Result "0-1"]
[WhiteElo "1747"]
[BlackElo "2238"]
[PlyCount "66"]
[EventDate "2017.01.02"]
[EventType "swiss"]
[EventRounds "11"]
[EventCountry "AUS"]
[SourceTitle "CBM 176 Extra"]
[Source "ChessBase"]
[SourceDate "2017.03.02"]
[SourceVersion "1"]
[SourceVersionDate "2017.03.02"]
[SourceQuality "1"]

1. e4 c5 2. d3 Nc6 3. g3 g6 4. Bg2 Bg7 5. Ne2 d6 6. 0-0 e6 7. Nbc3 Nge7 8. f4 f5 9. Rb1 0-0 10. Be3 e5 11. Qd2 Be6 12. fxe5 Nxe5 13. Nf4 Bf7 14. Ncd5 fxe4 15. Nxe7+ Qxe7 16. Bxe4 Nc4 17. dxc4 Qxe4 18. b3 g5 19. Nd5 Rae8 20. Rbe1 Bxd5 21. Qxd5+ Qxd5 22. cxd5 Rxf1+ 23. Kxf1 Bc3 24. Re2 Re5 25. h4 gxh4 26. gxh4 Rxd5 27. Bg5 Rf5+ 28. Kg2 d5 29. Re8+ Rf8 30. Re6 Bd4 31. Re7 Rf2+ 32. Kg3 Rxc2 33. a4 Rc3+ 0-1

[Event "Oceania zt"]
[Site "Cammeray"]
[Date "2015.07.06"]
[Round "4"]
[White "Smirnov, Anton"]
[Black "Nakauchi, Gene"]
[Result "1-0"]
[WhiteElo "2440"]
[BlackElo "2225"]
[PlyCount "73"]
[EventDate "2015.07.04"]
[EventType "swiss"]
[EventRounds "9"]
[EventCountry "AUS"]
[SourceTitle "CBM 167 Extra"]
[Source "ChessBase"]
[SourceDate "2015.09.14"]
[SourceVersion "1"]
[SourceVersionDate "2015.09.14"]
[SourceQuality "1"]

1. d4 Nf6 2. c4 c5 3. d5 e6 4. Nc3 exd5 5. cxd5 d6 6. e4 g6 7. Bd3 Bg7 8. h3 0-0 9. Nf3 b5 10. Nxb5 Nxe4 11. Bxe4 Re8 12. 0-0 Rxe4 13. Bg5 f6 14. Bd2 Ba6 15. a4 Bb7 16. Qb3 Na6 17. Qd3 f5 18. Ng5 Nb4 19. Qg3 Re2 20. Bxb4 cxb4 21. Ne6 Qd7 22. Nxg7 Qxg7 23. Qxd6 Qf8 24. Qg3 Rd8 25. Nd4 f4 26. Qh2 Rxb2 27. Ne6 Qf6 28. Nxd8 Bxd5 29. h4 b3 30. Qh3 Rxf2 31. Rxf2 Qxa1+ 32. Kh2 Qd4 33. Re2 f3 34. Re8+ Kg7 35. Qd7+ Kh6 36. Nf7+ Kh5 37. Re5+ 1-0